[Event "26th Abu Dhabi Master 2019"]
[Site "Abu Dhabi"]
[Date "2019.08.03"]
[Round "2.71"]
[White "Vantika Agrawal"]
[Black "Davainis, Marius"]
[Result "1-0"]
[WhiteElo "2243"]
[BlackElo "2105"]
[Annotator "NA"]
[PlyCount "69"]
[EventDate "2019.08.02"]
[EventType "swiss"]
[EventCountry "UAE"]
[SourceTitle "playchess.com"]
[Source "ChessBase"]
[SourceQuality "1"]
[TimeControl "5400+30"]

1. d4 {[%emt 0:00:12]} Nf6 {[%emt 0:00:00]} 2. c4 {[%emt 0:00:05]} c5 {[%emt 0:00:00]} 3. d5 {[%emt 0:00:12]} e6 {[%emt 0:00:00]} 4. Nc3 {[%emt 0:00:35]} exd5 {[%emt 0:00:00]} 5. cxd5 {[%emt 0:00:05]} Bd6 {[%emt 0:00:27]} 6. Nf3 {[%emt 0:03:41]} O-O {[%emt 0:00:11]} 7. g3 {[%emt 0:02:49]} Re8 {[%emt 0:00:17]} 8. Bg2 {[%emt 0:00:19]} Bc7 {[%emt 0:02:44]} 9. O-O {[%emt 0:00:27]} d6 {[%emt 0:00:07]} 10. Nd2 {[%emt 0:08:40]} a6 {[%emt 0:01:08]} 11. a4 {[%emt 0:00:33]} Nbd7 {[%emt 0:01:46]} 12. Nc4 {[%emt 0:06:53]} Ne5 {[%emt 0:03:07]} 13. Nxe5 {[%emt 0:09:00]} Rxe5 {[%emt 0:00:10]} 14. e4 {[%emt 0:03:17]} Rb8 {[%emt 0:04:10]} 15. f4 {[%emt 0:14:31]} Re8 {[%emt 0:02:32]} 16. e5 {[%emt 0:01:43]} dxe5 {[%emt 0:01:39]} 17. f5 {[%emt 0:00:18]} Ba5 {[%emt 0:18:00]} 18. g4 {[%emt 0:10:06]} Bxc3 {[%emt 0:15:37]} 19. bxc3 {[%emt 0:00:09]} Qd6 {[%emt 0:00:03]} 20. g5 {[%emt 0:05:08]} Nd7 {[%emt 0:00:04]} 21. f6 {[%emt 0:00:32]} g6 {[%emt 0:08:18]} 22. h4 {[%emt 0:01:18]} Nf8 {[%emt 0:04:41]} 23. h5 {[%emt 0:01:48]} Bf5 {[%emt 0:02:11]} 24. hxg6 {[%emt 0:02:28]} Bxg6 {[%emt 0:00:42]} 25. Qg4 {[%emt 0:04:15]} Rbd8 {[%emt 0:09:18]} 26. c4 {[%emt 0:02:31]} Nd7 {[%emt 0:07:29]} 27. Be4 {[%emt 0:05:35]} Bxe4 {[%emt 0:11:48]} 28. Qxe4 {[%emt 0:00:08]} Kh8 {[%emt 0:00:08]} 29. Ra3 {[%emt 0:01:03]} Qf8 {[%emt 0:02:27]} 30. g6 {[%emt 0:04:07]} fxg6 {[%emt 0:00:24]} 31. f7 {[%emt 0:00:07]} Re7 {[%emt 0:02:04]} 32. Bg5 {[%emt 0:00:05]} Rc8 {[%emt 0:00:44]} 33. Qxg6 {[%emt 0:01:30]} hxg6 {[%emt 0:00:56]} 34. Rh3+ {[%emt 0:00:05]} Qh6 {[%emt 0:00:56]} 35. Bxh6 {[%emt 0:00:22]} 1-0

[Event "26th Abu Dhabi Master 2019"]
[Site "Abu Dhabi"]
[Date "2019.08.03"]
[Round "2.72"]
[White "Srihari L"]
[Black "Gomes, Mary Ann"]
[Result "1/2-1/2"]
[WhiteElo "2101"]
[BlackElo "2303"]
[Annotator "NA"]
[PlyCount "93"]
[EventDate "2019.08.02"]
[EventType "swiss"]
[EventCountry "UAE"]
[SourceTitle "playchess.com"]
[Source "ChessBase"]
[SourceQuality "1"]
[TimeControl "5400+30"]

1. e4 {[%emt 0:05:45]} c5 {[%emt 0:00:00]} 2. Nf3 {[%emt 0:00:16]} d6 {[%emt 0:00:00]} 3. d4 {[%emt 0:00:03]} cxd4 {[%emt 0:00:04]} 4. Qxd4 {[%emt 0:00:03]} a6 {[%emt 0:00:17]} 5. c4 {[%emt 0:00:09]} Nc6 {[%emt 0:00:08]} 6. Qe3 {[%emt 0:00:07]} Bg4 {[%emt 0:00:10]} 7. Be2 {[%emt 0:00:17]} Rc8 {[%emt 0:00:18]} 8. b3 {[%emt 0:02:22]} e5 {[%emt 0:00:20]} 9. Bb2 {[%emt 0:00:26]} Nf6 {[%emt 0:01:28]} 10. O-O {[%emt 0:01:47]} Bxf3 {[%emt 0:00:32]} 11. Bxf3 {[%emt 0:00:32]} Be7 {[%emt 0:00:05]} 12. Rd1 {[%emt 0:03:05]} Qc7 {[%emt 0:00:06]} 13. Nc3 {[%emt 0:07:51]} Nd4 {[%emt 0:00:31]} 14. Rac1 {[%emt 0:00:09]} O-O {[%emt 0:00:42]} 15. g3 {[%emt 0:18:01]} Nxf3+ {[%emt 0:05:08]} 16. Qxf3 {[%emt 0:00:03]} Qa5 {[%emt 0:01:20]} 17. Nd5 {[%emt 0:04:36]} Nxd5 {[%emt 0:01:51]} 18. Rxd5 {[%emt 0:02:42]} Qb6 {[%emt 0:03:12]} 19. Rcd1 {[%emt 0:03:26]} Rc5 {[%emt 0:03:48]} 20. Rxc5 {[%emt 0:07:59]} Qxc5 {[%emt 0:03:32]} 21. Rd5 {[%emt 0:00:18]} Qc6 {[%emt 0:03:24]} 22. Qd3 {[%emt 0:00:09]} b6 {[%emt 0:01:35]} 23. f4 {[%emt 0:01:14]} f6 {[%emt 0:00:14]} 24. a4 {[%emt 0:00:26]} Qc8 {[%emt 0:01:17]} 25. f5 {[%emt 0:10:00]} g6 {[%emt 0:00:24]} 26. Ba3 {[%emt 0:00:43]} Rd8 {[%emt 0:02:54]} 27. Kg2 {[%emt 0:02:28]} Qc7 {[%emt 0:01:58]} 28. Qd2 {[%emt 0:01:59]} gxf5 {[%emt 0:00:48]} 29. exf5 {[%emt 0:00:14]} Bf8 {[%emt 0:00:15]} 30. g4 {[%emt 0:03:32]} Rd7 {[%emt 0:01:03]} 31. Kg3 {[%emt 0:00:20]} h5 {[%emt 0:02:01]} 32. h3 {[%emt 0:00:47]} hxg4 {[%emt 0:00:09]} 33. hxg4 {[%emt 0:00:07]} Qd8 {[%emt 0:07:39]} 34. a5 {[%emt 0:01:50]} bxa5 {[%emt 0:01:09]} 35. Qd3 {[%emt 0:09:16]} Qb8 {[%emt 0:01:17]} 36. Kg2 {[%emt 0:01:47]} Qb7 {[%emt 0:03:06]} 37. Kg3 {[%emt 0:01:47]} Bh6 {[%emt 0:06:32]} 38. Rxd6 {[%emt 0:05:14]} Rxd6 {[%emt 0:01:55]} 39. Bxd6 {[%emt 0:02:09]} Bf4+ {[%emt 0:00:05]} 40. Kf2 {[%emt 0:01:59]} e4 {[%emt 0:05:09]} 41. Qd1 {[%emt 0:00:41]} e3+ {[%emt 0:10:19]} 42. Kg1 {[%emt 0:00:16]} Qe4 {[%emt 0:05:23]} 43. Bxf4 {[%emt 0:00:12]} Qxf4 {[%emt 0:00:06]} 44. Qd8+ {[%emt 0:00:33]} Kf7 {[%emt 0:00:11]} 45. Qd7+ {[%emt 0:00:21]} Kf8 {[%emt 0:00:06]} 46. Qd8+ {[%emt 0:00:25]} Kf7 {[%emt 0:00:06]} 47. Qd7+ {[%emt 0:00:05]} 1/2-1/2

[Event "26th Abu Dhabi Master 2019"]
[Site "Abu Dhabi"]
[Date "2019.08.03"]
[Round "2.73"]
[White "Srija, Seshadri"]
[Black "Panesar Vedant"]
[Result "1/2-1/2"]
[WhiteElo "2306"]
[BlackElo "2092"]
[Annotator "TA"]
[PlyCount "98"]
[EventDate "2019.08.02"]
[EventType "swiss"]
[EventCountry "UAE"]
[SourceTitle "playchess.com"]
[Source "ChessBase"]
[SourceQuality "1"]

{[%evp 9,98,5,-6,-21,-28,-34,-37,-33,-10,-8,0,-16,-12,-18,-8,-25,-23,-22,-27,-25,-14,-30,-14,-16,-11,-54,-27,-33,-37,-75,-70,-68,-75,-79,-61,-67,-43,-55,-41,-45,106,-30,79,-22,-22,-22,0,-37,0,0,0,-41,-22,-22,58,-34,-22,-29,-9,-41,-32,-75,-62,-55,-55,-199,-147,-162,-167,-150,-107,-108,-90,-92,-62,-145,-98,-103,-104,-97,-114,-148,0,-143,-90,-512,-105,-108,-107,-120,-95]} 1. e4 c6 2. d4 d5 3. e5 Bf5 4. h4 h5 5. Be2 e6 6. g3 {B12: Caro-Kann: Advance Variation} (6. c3 c5 7. Be3 Qb6 8. Qb3 Nc6 9. dxc5 Bxc5 10. Bxc5 Qxc5 11. Nf3 Nh6 12. Qb5 Qe7 13. Nd4 {0-1 (36) Jenni,F (2447)-Pelletier,Y (2551) Lenzerheide 2018}) 6... c5 7. Nf3 Nc6 8. c3 {Black is slightly better.} Nh6 $146 ({Predecessor:} 8... Qb6 9. dxc5 Bxc5 10. O-O Bh3 11. b4 Bxf1 {0-1 (11) Havluj,Z (2070)-Mlynek,P (2270) Piestany 2005}) 9. Nbd2 Bg4 10. dxc5 Bxc5 11. Nb3 Bb6 12. a4 Nf5 13. Bf4 a6 14. O-O Rc8 15. Kg2 Nfe7 16. Re1 Ng6 17. Qd2 Qc7 18. Nbd4 Na5 {Strongly threatening ...Bxf3+.} 19. Qc2 Nxf4+ 20. gxf4 Qe7 21. Kg3 g6 22. Rad1 Bd8 23. Ng5 Bxe2 24. Rxe2 {Threatening Ndxe6!} Rh6 $2 {[#]} (24... Nc6 $15) 25. Kg2 (25. f5 $1 $16 {[%cal Rf5e6]} gxf5 26. Nxf5 exf5 27. Qxf5) 25... Bb6 {[#]} (25... Nc6 $11) 26. Ndf3 ({White must play} 26. f5 $1 $16 {[%cal Rf5e6]} Nc6 27. Qb3 (27. fxe6 Nxd4 28. exf7+ Kf8 $11) 27... Bxd4 28. fxe6 fxe6 29. cxd4) 26... Rc4 27. Kg3 Rc8 28. Kg2 Nc6 29. Qd2 Rh8 30. Kh2 (30. c4 $5 {[%cal Rc4d5]} Ba5 31. Qe3 $11) 30... Na5 31. Qd3 Nc4 ({Black should play} 31... Kf8 $11) 32. Nd4 ({White should try} 32. b3 $14 Na5 33. Rb2) 32... Bxd4 $15 33. cxd4 Kd7 34. Rc2 Rc6 35. b3 Na5 36. Rdc1 Rhc8 37. Kg3 (37. Kg2 $15) 37... Rxc2 (37... Qa3 $19 {Threatens to win with ...Rxc2.} 38. Kg2 Rxc2 39. Rxc2 Qxb3 40. Qxb3 Nxb3) 38. Rxc2 $17 Rxc2 39. Qxc2 Nc6 40. Qc3 Ke8 41. Nf3 Qb4 42. Qc2 (42. Qxb4 $15 Nxb4 43. Ne1) 42... Kd7 43. Qd3 Ne7 44. Kg2 Nf5 45. Kh2 Ne7 ({Better is} 45... Qa5 $17 46. Kg2 Kc8) 46. Kg3 (46. Kg2 $11 {was the only way to keep the balance.}) 46... Nc6 (46... Qa5 $142 47. Qc2 Nf5+ 48. Kh2 Qb4) 47. Nd2 $2 {[%mdl 8192]} (47. Qe3 $17) 47... Na5 $2 (47... Nxd4 $19 {...Nf5+ is the strong threat.} 48. Nc4 Nf5+ 49. Kh2 Nxh4) 48. Kg2 Kc7 49. Kg3 Kb8 {Accuracy: White = 35%, Black = 38%.} 1/2-1/2

[Event "26th Abu Dhabi Master 2019"]
[Site "Abu Dhabi"]
[Date "2019.08.03"]
[Round "2.74"]
[White "Sharma Isha"]
[Black "Alinasab, Mobina"]
[Result "1-0"]
[WhiteElo "2188"]
[BlackElo "2280"]
[Annotator "NA"]
[PlyCount "75"]
[EventDate "2019.08.02"]
[EventType "swiss"]
[EventCountry "UAE"]
[SourceTitle "playchess.com"]
[Source "ChessBase"]
[SourceQuality "1"]
[TimeControl "5400+30"]

1. e4 e6 2. d4 d5 3. Nd2 Nc6 4. Ngf3 Nf6 {[%emt 0:01:33]} 5. e5 {[%emt 0:03:08]} Nd7 {[%emt 0:00:30]} 6. c3 {[%emt 0:00:30]} f6 {[%emt 0:00:30]} 7. exf6 {[%emt 0:00:30]} Qxf6 {[%emt 0:06:42]} 8. Be2 {[%emt 0:02:33]} Bd6 {[%emt 0:00:09]} 9. Nf1 {[%emt 0:01:35]} O-O {[%emt 0:04:39]} 10. Ng3 {[%emt 0:00:37]} e5 {[%emt 0:14:55]} 11. dxe5 {[%emt 0:02:46]} Ndxe5 {[%emt 0:00:06]} 12. O-O {[%emt 0:01:56]} Be6 {[%emt 0:08:29]} 13. Ng5 {[%emt 0:01:53]} Bf7 {[%emt 0:05:48]} 14. f4 {[%emt 0:04:56]} Nc4 {[%emt 0:13:42]} 15. Bd3 {[%emt 0:01:24]} Rfe8 {[%emt 0:11:34]} 16. Bxh7+ {[%emt 0:02:15]} Kf8 {[%emt 0:00:27]} 17. Be4 {[%emt 0:02:48]} Qe7 {[%emt 0:06:54]} 18. Nf5 {[%emt 0:01:50]} Bc5+ {[%emt 0:08:01]} 19. Kh1 {[%emt 0:00:09]} Qxe4 {[%emt 0:01:45]} 20. Nh7+ {[%emt 0:01:42]} Kg8 {[%emt 0:00:05]} 21. Nf6+ {[%emt 0:00:03]} Kh8 {[%emt 0:02:28]} 22. Nxe4 {[%emt 0:00:45]} Rxe4 {[%emt 0:00:06]} 23. Qg4 {[%emt 0:01:07]} Bf8 {[%emt 0:00:05]} 24. b3 {[%emt 0:00:39]} Nd6 {[%emt 0:00:20]} 25. Ng3 {[%emt 0:00:10]} Ree8 {[%emt 0:01:19]} 26. f5 {[%emt 0:00:22]} Ne4 {[%emt 0:00:14]} 27. Bf4 {[%emt 0:02:30]} Ne5 {[%emt 0:01:46]} 28. Qh4+ {[%emt 0:01:05]} Kg8 {[%emt 0:00:01]} 29. Nxe4 {[%emt 0:00:30]} dxe4 {[%emt 0:00:09]} 30. Bxe5 {[%emt 0:00:54]} Rxe5 {[%emt 0:00:05]} 31. Rae1 {[%emt 0:01:12]} Rae8 {[%emt 0:00:52]} 32. Re3 {[%emt 0:00:14]} Be7 {[%emt 0:01:55]} 33. Qf4 {[%emt 0:00:18]} Bc5 {[%emt 0:00:48]} 34. Rh3 {[%emt 0:01:06]} e3 {[%emt 0:01:50]} 35. Qh4 {[%emt 0:00:42]} Bh5 {[%emt 0:07:25]} 36. f6 {[%emt 0:02:54]} gxf6 {[%emt 0:02:12]} 37. Qxf6 {[%emt 0:00:10]} R8e7 {[%emt 0:00:30]} 38. Qf8+ {[%emt 0:00:30]} 1-0

[Event "26th Abu Dhabi Master 2019"]
[Site "Abu Dhabi"]
[Date "2019.08.03"]
[Round "2.75"]
[White "Ajay Krishna, S."]
[Black "Thrish Karthik"]
[Result "1-0"]
[WhiteElo "2280"]
[BlackElo "2075"]
[Annotator "NA"]
[PlyCount "89"]
[EventDate "2019.08.02"]
[EventType "swiss"]
[EventCountry "UAE"]
[SourceTitle "playchess.com"]
[Source "ChessBase"]
[SourceQuality "1"]
[TimeControl "5400+30"]

1. Nf3 d5 2. c4 c6 3. g3 Nf6 4. Bg2 g6 5. b3 Bg7 6. Bb2 O-O 7. O-O Nbd7 8. d4 Ne4 9. Nbd2 Nxd2 10. Qxd2 Nf6 11. cxd5 Ne4 12. Qf4 cxd5 13. Rfc1 Be6 14. Ne5 Nd6 15. Nd3 Nf5 16. e3 h5 17. Qc7 Qxc7 18. Rxc7 b6 19. Nb4 Rfd8 20. Rac1 a5 21. Nc6 Rdc8 22. Na7 Rxc7 23. Rxc7 Bf6 24. a4 Nd6 25. Ba3 Ne8 26. Rb7 Nd6 27. Bxd6 exd6 28. Nb5 Rc8 29. Rc7 Rxc7 30. Nxc7 Bd8 31. Nb5 Kf8 32. Nc3 Bf6 33. Bxd5 Ke7 34. Kf1 Kd7 35. Ke2 h4 36. Kd3 hxg3 37. hxg3 Bd8 38. Bxe6+ fxe6 39. d5 exd5 40. Nxd5 g5 41. g4 Ke6 42. Ke4 Kd7 43. Kf5 Kc6 44. Ke6 Kc5 45. f4 {Kxd5+} 1-0

[Event "26th Abu Dhabi Master 2019"]
[Site "Abu Dhabi"]
[Date "2019.08.03"]
[Round "3.1"]
[White "Salem, A.R. Saleh"]
[Black "Yakubboev, Nodirbek"]
[Result "1/2-1/2"]
[WhiteElo "2672"]
[BlackElo "2575"]
[Annotator "TA"]
[PlyCount "75"]
[EventDate "2019.08.02"]
[EventType "swiss"]
[EventCountry "UAE"]
[SourceTitle "playchess.com"]
[Source "ChessBase"]
[SourceQuality "1"]

{[%evp 14,75,19,16,19,18,19,25,21,17,19,28,31,35,52,29,18,34,22,32,38,19,22,26,20,0,0,0,0,0,0,-33,0,0,0,0,13,14,11,10,43,66,60,38,2,-20,-21,-20,-14,-50,-18,-18,-27,-38,-34,-34,-32,-33,-26,-45,-10,-10,-8,-11]} 1. d4 Nf6 2. c4 e6 3. Nf3 b6 4. a3 Bb7 5. Nc3 d5 6. cxd5 Nxd5 7. e3 Nd7 8. Bd3 Nxc3 {E12: Queen's Indian: Unusual White 4th moves, 4 a3, 4 Nc3 Bb7 5 a3 and 4 Nc3 Bb7} 9. bxc3 c5 10. e4 Be7 {White has an edge.} 11. Bf4 (11. O-O O-O 12. Qe2 Qc7 13. Be3 Rac8 14. a4 e5 15. Rac1 Rfe8 16. Rfd1 Bd6 17. Bc4 h6 18. d5 Nf6 19. Nh4 Bf8 20. Nf5 Nxe4 21. d6 Nxd6 22. Rxd6 Bxd6 23. Qg4 Re6 24. Qxg7# {1-0 (24) Riazantsev,A (2708)-Khismatullin,D (2658) Khanty-Mansiysk 2013}) 11... cxd4 12. cxd4 O-O 13. O-O Nf6 14. Qe2 Rc8 15. Rfe1 Rc3 16. Bd2 Rc7 $146 ({Predecessor:} 16... Rxa3 17. Rxa3 Bxa3 18. Ra1 Be7 19. Rxa7 Qb8 20. Ra1 Rd8 21. Bg5 h6 {0-1 (44) Gallego Jimenez,V (2390)-Almagro Llamas,P (2461) Madrid 2012}) 17. a4 a5 $1 18. Rab1 Nd7 {[%cal Bf6d7,Bd7f8,Bf8g6,Bg6h4][%mdl 32]} 19. Rb5 Ba6 20. Rh5 Bxd3 21. Qxd3 Re8 22. Rh3 Nf8 23. Qb5 Rc2 24. Rg3 Ng6 25. Be3 Qa8 26. h4 {aiming for h5.} Nxh4 27. Qh5 Ng6 $1 28. Rh3 $1 {[%mdl 1024] White has compensation.} Nf8 $1 29. d5 g6 $36 {[%mdl 2048] Black has good play.} 30. Qh6 {[#] Strongly threatening Bd4.} Bf6 $1 31. Bd4 ({Reject} 31. Bxb6 exd5 32. exd5 Rxe1+ 33. Nxe1 Rc4 $17) 31... Qd8 32. Bxf6 Qxf6 33. e5 Qg7 {Hoping for ...Qxh6.} 34. Qe3 exd5 {White must now prevent ...Rc5.} 35. Qxb6 Ne6 36. Qxa5 Qf8 37. Rh4 Qc5 38. Qxc5 {Accuracy: White = 64%, Black = 62%.} 1/2-1/2

[Event "26th Abu Dhabi Master 2019"]
[Site "Abu Dhabi"]
[Date "2019.08.03"]
[Round "3.2"]
[White "Idani, Pouya"]
[Black "Maghsoodloo, Parham"]
[Result "0-1"]
[WhiteElo "2595"]
[BlackElo "2656"]
[Annotator "RC"]
[PlyCount "116"]
[EventDate "2019.08.02"]
[EventType "swiss"]
[EventCountry "UAE"]
[SourceTitle "playchess.com"]
[Source "ChessBase"]
[SourceQuality "1"]
[TimeControl "5400+30"]

1. e4 e6 {[%emt 0:06:23]} 2. d4 {[%emt 0:00:00]} d5 {[%emt 0:00:06]} 3. Nc3 {[%emt 0:01:59]} Bb4 {[%emt 0:00:51]} 4. exd5 {[%emt 0:00:21]} exd5 {[%emt 0:00:30]} 5. Bd3 {[%emt 0:00:05]} Nc6 {[%emt 0:05:40]} 6. Nf3 {[%emt 0:00:52]} Nge7 {[%emt 0:00:20]} 7. O-O {[%emt 0:00:16]} O-O {[%emt 0:08:08]} 8. a3 {[%emt 0:02:29]} Bxc3 {[%emt 0:03:07]} 9. bxc3 {[%emt 0:00:05]} Bf5 {[%emt 0:00:04]} 10. Re1 {[%emt 0:03:48]} Re8 {[%emt 0:03:49]} 11. Rb1 {[%emt 0:06:16]} b6 {[%emt 0:02:44]} 12. c4 {[%emt 0:03:07]} Bxd3 {[%emt 0:08:29]} 13. Qxd3 {[%emt 0:00:18]} dxc4 {[%emt 0:00:09]} 14. Qxc4 {[%emt 0:00:11]} Qd5 {[%emt 0:00:07]} 15. Qxd5 {[%emt 0:05:39]} Nxd5 {[%emt 0:00:44]} 16. Rxe8+ {[%emt 0:00:03]} Rxe8 {[%emt 0:00:04]} 17. Bd2 {[%emt 0:00:03]} Nf6 {[%emt 0:02:20]} 18. c4 {[%emt 0:09:58]} Ne4 {[%emt 0:01:39]} 19. Re1 {[%emt 0:01:34]} Kf8 {[%emt 0:04:37]} 20. Bf4 {[%emt 0:01:53]} Nd6 {[%emt 0:08:54]} 21. Rxe8+ {[%emt 0:04:44]} Kxe8 {[%emt 0:02:34]} 22. Bxd6 {[%emt 0:00:55]} cxd6 {[%emt 0:00:05]} 23. Kf1 {[%emt 0:01:22]} d5 {[%emt 0:14:30]} 24. cxd5 {[%emt 0:00:04]} Ne7 {[%emt 0:00:02]} 25. d6 {[%emt 0:00:06]} Nf5 {[%emt 0:00:04]} 26. Ke2 {[%emt 0:00:04]} f6 {[%emt 0:00:03]} 27. Kd3 {[%emt 0:00:51]} Kd7 {[%emt 0:00:05]} 28. Nd2 {[%emt 0:07:10]} Kxd6 {[%emt 0:01:45]} 29. Kc4 {[%emt 0:00:46]} a6 {[%emt 0:02:03]} 30. Ne4+ {[%emt 0:03:17]} Ke6 {[%emt 0:04:46]} 31. Kd3 {[%emt 0:02:30]} Ne7 {[%emt 0:01:48]} 32. a4 {[%emt 0:01:59]} Kd5 {[%emt 0:01:32]} 33. Nc3+ {[%emt 0:01:36]} Kd6 {[%emt 0:00:06]} 34. Kc4 {[%emt 0:00:40]} Nd5 {[%emt 0:01:39]} 35. Ne4+ {[%emt 0:01:46]} Kc6 {[%emt 0:00:20]} 36. g3 {[%emt 0:01:44]} Nc7 {[%emt 0:03:36]} 37. Kd3 {[%emt 0:04:01]} Ne8 {[%emt 0:00:33]} 38. Nc3 {[%emt 0:01:30]} Nd6 {[%emt 0:00:05]} 39. Na2 {[%emt 0:00:20]} a5 {[%emt 0:00:51]} 40. Nc3 {[%emt 0:00:41]} b5 {[%emt 0:00:08]} 41. axb5+ {[%emt 0:00:10]} Nxb5 {[%emt 0:00:05]} 42. Na4 {[%emt 0:00:03]} Nc7 {[%emt 0:01:55]} 43. Kc4 {[%emt 0:07:22]} Nd5 {[%emt 0:00:13]} 44. Kb3 {[%emt 0:01:55]} Kb5 {[%emt 0:03:38]} 45. Nc5 {[%emt 0:00:19]} Ne7 {[%emt 0:01:58]} 46. Na4 {[%emt 0:01:09]} Nf5 {[%emt 0:01:18]} 47. Nc3+ {[%emt 0:00:41]} Kc6 {[%emt 0:00:01]} 48. Kc4 {[%emt 0:01:25]} Nd6+ {[%emt 0:00:05]} 49. Kd3 {[%emt 0:00:03]} h5 {[%emt 0:00:13]} 50. h3 {[%emt 0:02:13]} g5 {[%emt 0:01:06]} 51. f3 {[%emt 0:05:44]} f5 {[%emt 0:03:07]} 52. f4 {[%emt 0:02:23]} g4 {[%emt 0:03:05]} 53. h4 {[%emt 0:00:06]} Nb5 {[%emt 0:00:22]} 54. Na4 {[%emt 0:01:56]} Nc7 {[%emt 0:00:07]} 55. Kc4 {[%emt 0:02:45]} Nd5 {[%emt 0:00:06]} 56. Kd3 {[%emt 0:04:05]} Kb5 {[%emt 0:02:12]} 57. Nc5 {[%emt 0:00:11]} a4 {[%emt 0:00:04]} 58. Kc2 {[%emt 0:00:58]} Nxf4 {[%emt 0:00:51]} 0-1

[Event "26th Abu Dhabi Master 2019"]
[Site "Abu Dhabi"]
[Date "2019.08.03"]
[Round "3.3"]
[White "Aleksandrov, Aleksej"]
[Black "Socko, Bartosz"]
[Result "1-0"]
[WhiteElo "2571"]
[BlackElo "2625"]
[Annotator "TA"]
[PlyCount "49"]
[EventDate "2019.08.02"]
[EventType "swiss"]
[EventCountry "UAE"]
[SourceTitle "playchess.com"]
[Source "ChessBase"]
[SourceQuality "1"]

{[%evp 9,81,6,10,-4,9,-7,10,8,14,11,29,16,23,34,17,22,45,35,59,68,69,81,56,72,179,199,309,299,317,308,304,284,508,465,545,545,530,506,493,227,206,226,208,225,205,221,202,203,182,176,258,252,279,269,263,0,208,0,253,241,230,232,219,174,3613,530,29955,4927,3084,0,29956,29957,6489,6295]} 1. Nf3 Nf6 2. e3 g6 3. b4 Bg7 4. Bb2 O-O 5. Be2 d6 6. O-O {A05: Réti Opening: 1 Nf3 Nf6} (6. d4 Nbd7 7. O-O Re8 8. c4 e5 9. Nc3 e4 10. Nd2 h5 11. Rc1 Nf8 12. d5 N8h7 13. Re1 Bf5 14. Bf1 Ng4 15. h3 Qh4 16. g3 Qe7 17. hxg4 hxg4 {0-1 (48) Matlakov,M (2689)-Adhiban,B (2674) Berlin 2015}) 6... e5 7. d3 b6 8. c4 {The position is equal.} Bb7 9. Nc3 Nbd7 10. Nd2 c6 $146 ({Predecessor:} 10... c5 11. a3 Qe7 12. Bf3 Rab8 13. Bxb7 Rxb7 14. Qf3 Rfb8 15. b5 Nf8 {1-0 (74) Hasangatin,R (2490)-Kurinov,M (1766) Kazan 2018}) 11. Bf3 d5 12. Qb3 {[%cal Rc4d5]} dxc4 13. Nxc4 Qb8 14. a4 Rd8 15. Ne4 Nxe4 16. Bxe4 Kh8 (16... Qc7 $16) 17. f4 $18 f5 {[#]} (17... exf4 $142 18. Rxf4 Rf8) 18. fxe5 $1 ({Not} 18. Bf3 exf4 19. exf4 Qc7 $16) 18... Nxe5 19. Nxe5 Bxe5 {[#]} 20. Bxf5 $1 {[%mdl 512] Be4 is the strong threat.} c5 $2 ({But not} 20... gxf5 $2 21. Rxf5 Rd5 22. Rxe5 $18) (20... Qd6 {keeps fighting.} 21. Be4 Rd7) 21. Be6 Qd6 22. bxc5 bxc5 23. Qxb7 Qxe6 24. Qe4 (24. Rf7 $142 Qxf7 25. Qxf7 Bxb2 26. Rb1) 24... Rd5 25. Rf2 {Played: Rf1-f6} 1-0

[Event "26th Abu Dhabi Master 2019"]
[Site "Abu Dhabi"]
[Date "2019.08.03"]
[Round "3.4"]
[White "Indjic, Aleksandar"]
[Black "Yuffa, Daniil"]
[Result "1-0"]
[WhiteElo "2604"]
[BlackElo "2582"]
[Annotator "TA"]
[PlyCount "77"]
[EventDate "2019.08.02"]
[EventType "swiss"]
[EventCountry "UAE"]
[SourceTitle "playchess.com"]
[Source "ChessBase"]
[SourceQuality "1"]

{[%evp 19,77,0,30,0,25,30,49,23,46,47,33,13,25,-7,0,0,0,0,36,-16,25,0,0,0,-15,-1,16,0,0,0,0,0,0,0,0,0,89,0,0,0,0,0,0,8,206,191,187,215,447,441,591,591,1095,1117,1310,1297,1181,858,1046,1031]} 1. Nf3 Nf6 2. g3 g6 3. b3 Bg7 4. Bb2 O-O 5. c4 d6 6. d4 Nbd7 7. Bg2 c6 8. O-O Re8 9. Nc3 e5 10. e3 a6 11. a4 {E67: King's Indian: Fianchetto: 6...Nbd7} (11. Rc1 Rb8 12. Nd2 exd4 13. exd4 Nf8 14. h3 h5 15. Nf3 b5 16. cxb5 cxb5 17. d5 Qb6 18. Ne2 Bb7 {1-0 (36) Gashimov,V (2733)-Tkachiev,V (2636) Warsaw 2010}) 11... Qc7 12. a5 $146 ({Predecessor:} 12. Qc2 c5 13. dxc5 Nxc5 14. Nd2 Bf5 15. e4 Be6 16. Rfe1 Rac8 17. Rab1 Bh6 18. Nf1 Qb6 {1-0 (35) Wieczorek,J (1766)-Lis,M (1926) Krakow 2015}) 12... Nf8 13. d5 {White is slightly better.} e4 14. Nd2 $1 Bf5 15. b4 {[%cal Bb3b4,Bb4b5][%mdl 32]} h5 16. Nb3 h4 17. dxc6 bxc6 18. b5 h3 19. Bh1 (19. b6 $14 Qe7 20. Bh1) 19... Ne6 20. bxc6 Rab8 $1 21. Rb1 Qxc6 22. Nd5 Ng4 23. Bxg7 Kxg7 24. Nd2 Ng5 25. Rb6 Rxb6 26. axb6 Ne5 27. Qa1 $36 {[%mdl 2048] White has the initiative.} Be6 {[#]} (27... Rb8 $11) 28. Nxe4 (28. Nc7 $1 $16 {[%cal Rc7e8]} Rh8 29. Nxe6+ (29. Qxa6 Bxc4 30. Nxc4 Nxc4 $17) 29... fxe6 30. Rc1 (30. Qxa6 Ra8 $14)) 28... Nxe4 $11 29. Bxe4 {Hoping for Nf6!} Qxc4 30. Nc3 {[%cal Bd5c3,Bc3e4,Be4g5][%mdl 32] Strongly threatening Rd1.} d5 31. Bh1 $1 d4 $2 (31... f6 $11 {and Black has nothing to worry.}) 32. Ne4 $18 {Black must now prevent Nd6.} Rd8 33. b7 {exd4 is the strong threat.} Qe2 $2 {[#]} (33... Nc6 34. Rc1 Qb5) 34. Ng5 $1 {White is clearly winning.} Kh6 35. exd4 Nd3 36. Bf3 Qd2 37. Nxe6 fxe6 38. Qb1 Nb4 39. Qe4 {Accuracy: White = 66%, Black = 36%.} 1-0

[Event "26th Abu Dhabi Master 2019"]
[Site "Abu Dhabi"]
[Date "2019.08.03"]
[Round "3.5"]
[White "Istratescu, Andrei"]
[Black "Yilmaz, Mustafa"]
[Result "1/2-1/2"]
[WhiteElo "2555"]
[BlackElo "2618"]
[Annotator "TA"]
[PlyCount "26"]
[EventDate "2019.08.02"]
[EventType "swiss"]
[EventCountry "UAE"]
[SourceTitle "playchess.com"]
[Source "ChessBase"]
[SourceQuality "1"]

{[%evp 12,26,13,14,12,16,16,17,8,0,-12,-9,0,-6,8,0,5]} 1. d4 Nf6 2. c4 e6 3. Nc3 Bb4 4. Qc2 O-O 5. a3 Bxc3+ 6. Qxc3 d5 7. Bg5 {The position is equal.} dxc4 {E36: Nimzo-Indian: Classical: 4...d5 5 a3} 8. Qxc4 b6 9. Nf3 (9. Rd1 Ba6 10. Qa4 h6 11. Bh4 Qe7 12. Nf3 Rd8 13. e3 Bxf1 14. Rxf1 c5 15. dxc5 Rxd1+ 16. Qxd1 {½-½ (23) Vitiugov,N (2709)-Giri,A (2780) Shenzhen 2018}) 9... Ba6 10. Qc2 h6 11. Bxf6 Qxf6 12. g3 Rc8 $146 ({Predecessor:} 12... c5 13. Qe4 Nd7 14. Bg2 Rad8 15. Rd1 cxd4 16. Nxd4 e5 {0-1 (57) Keymer,V (2352)-Korpa,B (2435) Karpacz 2015}) 13. Bg2 Bb7 1/2-1/2